Top 20 Marcatori Premier League - Statistics

Statistiche generali
  • Questo quiz è stato fatto 425 volte
    112 dall'ultimo reset
  • Il punteggio medio è 12 su 21
Statistiche sulle risposte
Gol Nazione Stagioni in gol Goal per squadra Calciatore % Corretto
213 Inghilterra 2011-2023 Tottenham 2013 Harry Kane
97%
186 Egitto 2014- Chelsea 2, Liverpool 184 Mohamed Salah
94%
184 Argentina 2011-2021 Manchester City 184 Sergio Aguero
93%
208 Inghilterra 2002-2018 Everton 25, Manchester United 183 Wayne Rooney
92%
175 Francia 1999-2007, 2011-2012 Arsenal 175 Thierry Henry
91%
260 Inghilterra 1992-2006 Blackburn 112, Newcastle United 148 Alan Shearer
85%
127 Corea del Sud 2015- Tottenham 127 Son Heung-min
84%
145 Inghilterra 2014-2025 Leicester City 134145 Jamie Vardy
76%
177 Inghilterra 1995-2015 West Ham Utd 24, Chelsea 147, Manchester City 6 Frank Lampard
74%
144 Olanda 2004-2015 Arsenal 96, Manchester United 48 Robin Van Persie
74%
150 Inghilterra 1996-2004, 2005-2013 Liverpool 118, Newcastle Utd 26, Manchester United 5, Stoke City 1 Michael Owen
53%
126 Irlanda 1999-2000, 2001-2010, 2011-2012 Coventry City 12, Leeds Utd 13, Tottenham 91, Liverpool 5, West Ham Utd 2, Aston Villa 3 Robbie Keane
50%
123 Belgio 2012- Liverpool 18; Manchester City 91; Chelsea 14 Raheem Sterling
42%
125 Francia 1997-1999, 2002-2005, 2006-2012, 2013-2014 Arsenal 25, Liverpool 4, Manchester City 37, Bolton 21, Chelsea 38, West Bromwich 2 Nicolas Anelka
36%
187 Inghilterra 1993-2008 Newcastle United 43, Manchester United 93, Blackburn 27, Fulham 12, Manchester City 9, Portsmouth 3 Andy Cole
33%
162 Inghilterra 2001-2003, 2004-2014, 2015-2018 West Ham Utd 18, Tottenham 91, Portsmouth 15, Sunderland 34, Bournemouth 4 Jermain Defoe
30%
123 Trinadad e Tobago 1992-2005, 2007-2008 Aston Villa 60, Manchester United 48, Blackburn 12, Birmingham City 2, Sunderland 1 Dwight Yorke
28%
163 Inghilterra 1993-2007 Liverpool 128, Leeds Utd 14, Manchester City 21 Robbie Fowler
25%
146 Inghilterra 1992-2004, 2005-2007 Nottingham Forest 1,Tottenham 97, Manchester United 31, Portsmouth 9, West Ham Utd 8 Teddy Sheringham
19%
149 Inghilterra 1992-2005 QPR 60, Newcastle Utd 41, Tottenham 33, West Ham Utd 2, Leicester City 12, Bolton 1 Les Ferdinand
13%
127 Inghilterra 1997-1999, 2000-2007 Leeds Uts 34, Chelsea 69, Middlesbrough 22, Charlton 2 Jimmy Floyd Hasselbaink
11%
Nessun quiz corrispondente trovato
Distribuzione punteggi
Percentuale di utenti per punteggio
Percentile per numero di risposta
I tuoi punteggi nel tempo
Non hai fatto questo quiz dall'ultimo reset